[Event "M?R mu?? 2020"]
[Site "Plze?"]
[Date "2020.08.23"]
[Round "1.1"]
[White "Navara, David"]
[Black "Toman, Ondrej"]
[Result "1-0"]
[BlackElo "2233"]
[WhiteElo "2719"]
[LiveChessVersion "1.4.8"]

1. e4 {[%clk 1:30:58]} c6 {[%clk 1:30:59]} 2. d4 {[%clk 1:31:23]} d5
{[%clk 1:31:27]} 3. e5 {[%clk 1:31:49]} c5 {[%clk 1:31:53]} 4. dxc5
{[%clk 1:32:15]} e6 {[%clk 1:32:16]} 5. a3 {[%clk 1:32:41]} Bxc5 {[%clk 1:32:38]}
6. Qg4 {[%clk 1:33:07]} Ne7 {[%clk 1:32:09]} 7. Nf3 {[%clk 1:33:03]} Ng6
{[%clk 1:28:16]} 8. Bd3 {[%clk 1:26:02]} Nc6 {[%clk 1:24:25]} 9. b4
{[%clk 1:20:54]} Bb6 {[%clk 1:22:29]} 10. Bb2 {[%clk 1:17:55]} a5
{[%clk 1:08:14]} 11. b5 {[%clk 1:18:00]} Nce7 {[%clk 1:08:24]} 12. O-O
{[%clk 1:10:11]} O-O {[%clk 1:05:25]} 13. h4 {[%clk 0:52:17]} Nf5
{[%clk 1:00:59]} 14. h5 {[%clk 0:52:00]} Nge7 {[%clk 0:57:47]} 15. a4
{[%clk 0:50:55]} Bd7 {[%clk 0:48:44]} 16. Nbd2 {[%clk 0:49:07]} Rc8
{[%clk 0:37:45]} 17. Rac1 {[%clk 0:48:55]} Nh6 {[%clk 0:32:26]} 18. Qf4
{[%clk 0:48:26]} Bc7 {[%clk 0:27:51]} 19. c4 {[%clk 0:37:56]} f5 {[%clk 0:25:04]}
20. Ba3 {[%clk 0:34:14]} Kh8 {[%clk 0:20:27]} 21. Rfe1 {[%clk 0:33:08]} Nhg8
{[%clk 0:18:47]} 22. Qh4 {[%clk 0:29:58]} h6 {[%clk 0:12:51]} 23. cxd5
{[%clk 0:28:34]} exd5 {[%clk 0:11:41]} 24. e6 {[%clk 0:28:34]} Be8
{[%clk 0:12:05]} 25. b6 {[%clk 0:28:32]} Bxb6 {[%clk 0:10:33]} 26. Rxc8
{[%clk 0:28:43]} Qxc8 {[%clk 0:10:26]} 27. Bxe7 {[%clk 0:29:00]} Nxe7
{[%clk 0:10:31]} 28. Qxe7 {[%clk 0:29:21]} Bxh5 {[%clk 0:08:56]} 29. Ne5
{[%clk 0:27:55]} Re8 {[%clk 0:04:55]} 30. Qh4 {[%clk 0:27:37]} Qc5
{[%clk 0:02:47]} 31. Qxh5 {[%clk 0:24:58]} Qxf2+ {[%clk 0:03:04]} 32. Kh2
{[%clk 0:25:21]} Rc8 {[%clk 0:00:40]} 33. e7 {[%clk 0:25:04]} Qf4+
{[%clk 0:00:36]} 34. Kh1 {[%clk 0:25:06]} Qxd2 {[%clk 0:00:36]} 35. e8=Q+
{[%clk 0:24:55]} 1-0

[Event "M?R mu?? 2020"]
[Site "Plze?"]
[Date "2020.08.23"]
[Round "1.3"]
[White "Stocek, Jiri"]
[Black "Gnojek, Petr"]
[Result "1/2-1/2"]
[BlackElo "2225"]
[WhiteElo "2595"]
[LiveChessVersion "1.4.8"]

1. d4 {[%clk 1:28:50]} d6 {[%clk 1:30:28]} 2. Nf3 {[%clk 1:26:42]} g6
{[%clk 1:30:13]} 3. c4 {[%clk 1:25:21]} Nf6 {[%clk 1:29:00]} 4. Nc3
{[%clk 1:25:30]} Bg7 {[%clk 1:28:52]} 5. e4 {[%clk 1:24:15]} O-O {[%clk 1:28:46]}
6. Be2 {[%clk 1:21:16]} e5 {[%clk 1:28:15]} 7. Be3 {[%clk 1:20:40]} Nbd7
{[%clk 1:25:47]} 8. d5 {[%clk 1:19:43]} a5 {[%clk 1:23:15]} 9. Nd2
{[%clk 1:16:41]} b6 {[%clk 1:21:29]} 10. a3 {[%clk 1:14:44]} Ne8 {[%clk 1:12:23]}
11. g4 {[%clk 1:08:38]} Qe7 {[%clk 1:05:04]} 12. h4 {[%clk 1:02:29]} f5
{[%clk 1:02:23]} 13. gxf5 {[%clk 0:59:31]} gxf5 {[%clk 1:02:48]} 14. Bg5
{[%clk 0:58:34]} Ndf6 {[%clk 1:00:03]} 15. Rg1 {[%clk 0:49:37]} Kh8
{[%clk 0:58:49]} 16. exf5 {[%clk 0:49:32]} Bxf5 {[%clk 0:58:21]} 17. Nf1
{[%clk 0:48:09]} Qf7 {[%clk 0:50:40]} 18. Ng3 {[%clk 0:46:10]} Bg4
{[%clk 0:49:47]} 19. Be3 {[%clk 0:44:13]} Qd7 {[%clk 0:45:51]} 20. Nce4
{[%clk 0:32:36]} b5 {[%clk 0:39:46]} 21. f3 {[%clk 0:30:29]} Nxe4
{[%clk 0:37:01]} 22. fxe4 {[%clk 0:20:53]} Bxe2 {[%clk 0:23:47]} 23. Qxe2
{[%clk 0:21:16]} bxc4 {[%clk 0:21:54]} 24. Nf5 {[%clk 0:16:04]} Rxf5
{[%clk 0:18:09]} 25. exf5 {[%clk 0:16:28]} Qxf5 {[%clk 0:18:33]} 26. Qxc4
{[%clk 0:15:30]} Qf3 {[%clk 0:18:22]} 27. Qe2 {[%clk 0:08:21]} Qxd5
{[%clk 0:16:49]} 28. Qg2 {[%clk 0:08:07]} Qxg2 {[%clk 0:14:49]} 29. Rxg2
{[%clk 0:08:33]} Nf6 {[%clk 0:10:35]} 30. O-O-O {[%clk 0:07:59]} h5
{[%clk 0:08:10]} 31. Rc2 {[%clk 0:08:10]} Ne8 {[%clk 0:02:57]} 32. Rf1
{[%clk 0:04:59]} c5 {[%clk 0:01:22]} 33. Rf5 {[%clk 0:04:53]} Nf6
{[%clk 0:01:33]} 34. Bg5 {[%clk 0:03:32]} Ne4 {[%clk 0:01:08]} 35. Be3
{[%clk 0:03:29]} Nf6 {[%clk 0:00:56]} 36. Rd2 {[%clk 0:03:13]} Ra6
{[%clk 0:01:03]} 37. Kc2 {[%clk 0:03:19]} Kg8 {[%clk 0:00:43]} 38. Bg5
{[%clk 0:03:01]} Ne4 {[%clk 0:00:57]} 39. Rg2 {[%clk 0:03:01]} d5
{[%clk 0:01:00]} 40. Bd8 {[%clk 0:02:58]} Re6 {[%clk 0:00:33]} 41. Bc7
{[%clk 0:28:21]} Nf6 {[%clk 0:26:25]} 42. Bxe5 {[%clk 0:20:25]} Ng4
{[%clk 0:26:40]} 43. Bf4 {[%clk 0:20:46]} Rf6 {[%clk 0:26:48]} 44. Rxf6
{[%clk 0:21:03]} Bxf6 {[%clk 0:27:14]} 45. Rd2 {[%clk 0:20:09]} d4
{[%clk 0:22:04]} 46. Kd3 {[%clk 0:18:29]} Bxh4 {[%clk 0:21:48]} 47. Bd6
{[%clk 0:17:44]} Bf2 {[%clk 0:09:26]} 48. Bxc5 {[%clk 0:16:40]} h4
{[%clk 0:08:28]} 49. Re2 {[%clk 0:13:10]} h3 {[%clk 0:07:54]} 50. Bd6
{[%clk 0:13:31]} Bg1 {[%clk 0:07:31]} 51. b4 {[%clk 0:12:27]} axb4
{[%clk 0:07:47]} 52. axb4 {[%clk 0:11:34]} Kf7 {[%clk 0:07:40]} 53. b5
{[%clk 0:10:28]} h2 {[%clk 0:08:03]} 54. Bxh2 {[%clk 0:10:39]} Bxh2
{[%clk 0:08:28]} 55. Rg2 {[%clk 0:10:32]} Ne5+ {[%clk 0:08:53]} 56. Kxd4
{[%clk 0:08:44]} Ke6 {[%clk 0:08:43]} 57. b6 {[%clk 0:07:05]} Kd6
{[%clk 0:08:35]} 58. Ke4 {[%clk 0:02:49]} Nd7 {[%clk 0:08:34]} 59. Rxh2
{[%clk 0:02:45]} Nxb6 {[%clk 0:08:58]} 60. Kd4 {[%clk 0:03:12]} Nd7
{[%clk 0:08:52]} 61. Rh6+ {[%clk 0:03:34]} Ke7 {[%clk 0:09:07]} 62. Ra6
{[%clk 0:03:43]} Nf6 {[%clk 0:09:19]} 63. Ke5 {[%clk 0:04:00]} Nd7+
{[%clk 0:09:45]} 64. Kf5 {[%clk 0:04:24]} Nc5 {[%clk 0:10:03]} 65. Ra5
{[%clk 0:04:46]} Nd7 {[%clk 0:10:24]} 66. Rb5 {[%clk 0:04:16]} Kd6
{[%clk 0:10:44]} 67. Ke4 {[%clk 0:04:44]} 1/2-1/2

[Event "M?R mu?? 2020"]
[Site "Plze?"]
[Date "2020.08.23"]
[Round "1.12"]
[White "Pokrupa, Marek"]
[Black "Hollan, Martin"]
[Result "1/2-1/2"]
[BlackElo "2346"]
[WhiteElo "2164"]
[LiveChessVersion "1.4.8"]

1. c4 {[%clk 1:30:56]} c5 {[%clk 1:30:41]} 2. g3 {[%clk 1:31:17]} g6
{[%clk 1:31:04]} 3. Bg2 {[%clk 1:31:39]} Bg7 {[%clk 1:31:18]} 4. Nc3
{[%clk 1:32:04]} d6 {[%clk 1:31:16]} 5. e4 {[%clk 1:31:36]} Nc6 {[%clk 1:31:29]}
6. Nge2 {[%clk 1:31:43]} Ne5 {[%clk 1:25:42]} 7. d3 {[%clk 1:20:23]} Bg4
{[%clk 1:25:52]} 8. h3 {[%clk 1:19:52]} Bf3 {[%clk 1:24:21]} 9. O-O
{[%clk 1:19:59]} e6 {[%clk 1:21:27]} 10. Be3 {[%clk 1:14:28]} Ne7
{[%clk 1:20:50]} 11. d4 {[%clk 1:00:39]} cxd4 {[%clk 1:19:02]} 12. Bxd4
{[%clk 1:00:14]} N7c6 {[%clk 1:12:48]} 13. Qa4 {[%clk 0:48:03]} O-O
{[%clk 1:08:06]} 14. Be3 {[%clk 0:47:50]} Qf6 {[%clk 1:05:26]} 15. Rad1
{[%clk 0:37:38]} a6 {[%clk 0:51:00]} 16. Bxf3 {[%clk 0:24:13]} Qxf3
{[%clk 0:35:49]} 17. Rxd6 {[%clk 0:19:58]} b5 {[%clk 0:36:11]} 18. Qd1
{[%clk 0:19:14]} Nxc4 {[%clk 0:29:10]} 19. Rxc6 {[%clk 0:17:45]} Nxe3
{[%clk 0:28:58]} 20. fxe3 {[%clk 0:18:04]} Qxe3+ {[%clk 0:29:26]} 21. Kg2
{[%clk 0:18:03]} b4 {[%clk 0:25:43]} 22. Rf3 {[%clk 0:17:50]} Qg5
{[%clk 0:26:04]} 23. Na4 {[%clk 0:15:06]} Rad8 {[%clk 0:20:49]} 24. Rd3
{[%clk 0:13:59]} Rxd3 {[%clk 0:16:37]} 25. Qxd3 {[%clk 0:14:25]} Rd8
{[%clk 0:16:46]} 26. Rd6 {[%clk 0:13:41]} Rxd6 {[%clk 0:16:14]} 27. Qxd6
{[%clk 0:14:06]} Qe3 {[%clk 0:13:58]} 28. Qxa6 {[%clk 0:10:51]} Qxe4+
{[%clk 0:14:10]} 29. Kh2 {[%clk 0:07:11]} Qf3 {[%clk 0:11:39]} 30. Qc8+
{[%clk 0:05:04]} Bf8 {[%clk 0:12:01]} 31. Nf4 {[%clk 0:05:22]} Qf2+
{[%clk 0:09:09]} 32. Ng2 {[%clk 0:05:46]} Kg7 {[%clk 0:07:18]} 33. Qc1
{[%clk 0:04:15]} h5 {[%clk 0:05:02]} 34. Qe3 {[%clk 0:03:28]} Qc2
{[%clk 0:05:04]} 35. Qb3 {[%clk 0:03:20]} Qf2 {[%clk 0:05:04]} 36. Qe3
{[%clk 0:03:28]} Qc2 {[%clk 0:05:09]} 37. Qb3 {[%clk 0:02:59]} Qf2
{[%clk 0:05:03]} 38. Qc4 {[%clk 0:01:41]} Bd6 {[%clk 0:04:43]} 39. Qd3
{[%clk 0:02:06]} Be5 {[%clk 0:00:41]} 40. Qe3 {[%clk 0:01:19]} Qf6
{[%clk 0:01:00]} 41. b3 {[%clk 0:00:58]} g5 {[%clk 0:30:17]} 42. Kh1
{[%clk 0:17:25]} Bd4 {[%clk 0:04:16]} 43. Qe2 {[%clk 0:13:31]} Qf5
{[%clk 0:04:16]} 44. Kh2 {[%clk 0:06:44]} 1/2-1/2

[Event "M?R mu?? 2020"]
[Site "Plze?"]
[Date "2020.08.23"]
[Round "1.37"]
[White "Jurek, Josef"]
[Black "Paseka, Matyas"]
[Result "1-0"]
[BlackElo "1959"]
[WhiteElo "2234"]
[LiveChessVersion "1.4.8"]

1. Nf3 {[%clk 1:30:54]} Nf6 {[%clk 1:30:50]} 2. c4 {[%clk 1:31:10]} g6
{[%clk 1:31:00]} 3. d4 {[%clk 1:31:25]} Bg7 {[%clk 1:31:22]} 4. g3
{[%clk 1:31:34]} O-O {[%clk 1:31:43]} 5. Bg2 {[%clk 1:31:51]} d6 {[%clk 1:31:58]}
6. Nc3 {[%clk 1:32:05]} c5 {[%clk 1:31:57]} 7. dxc5 {[%clk 1:30:03]} dxc5
{[%clk 1:32:03]} 8. Be3 {[%clk 1:29:08]} Qa5 {[%clk 1:26:07]} 9. Qa4
{[%clk 1:29:06]} Qb4 {[%clk 1:21:38]} 10. Qxb4 {[%clk 1:21:07]} cxb4
{[%clk 1:21:57]} 11. Nb5 {[%clk 1:20:52]} Nc6 {[%clk 1:19:55]} 12. Rd1
{[%clk 1:09:27]} Ng4 {[%clk 1:12:36]} 13. Bc1 {[%clk 1:07:23]} a6
{[%clk 1:07:32]} 14. Nc7 {[%clk 1:06:21]} Rb8 {[%clk 1:07:51]} 15. Nd5
{[%clk 1:00:11]} b5 {[%clk 1:00:17]} 16. c5 {[%clk 0:56:39]} Bb7 {[%clk 0:59:37]}
17. O-O {[%clk 0:55:02]} Rfd8 {[%clk 0:49:21]} 18. e4 {[%clk 0:48:09]} e6
{[%clk 0:46:01]} 19. h3 {[%clk 0:47:27]} Nge5 {[%clk 0:41:07]} 20. Nxe5
{[%clk 0:44:43]} Bxe5 {[%clk 0:41:18]} 21. Bg5 {[%clk 0:41:16]} exd5
{[%clk 0:34:51]} 22. Bxd8 {[%clk 0:33:37]} Rxd8 {[%clk 0:29:17]} 23. exd5
{[%clk 0:33:33]} Na5 {[%clk 0:27:36]} 24. b3 {[%clk 0:30:21]} Kf8
{[%clk 0:25:00]} 25. Rfe1 {[%clk 0:29:48]} Bb8 {[%clk 0:24:26]} 26. Rd4
{[%clk 0:25:34]} Ba7 {[%clk 0:23:14]} 27. Rc1 {[%clk 0:23:02]} f5
{[%clk 0:14:15]} 28. Rxb4 {[%clk 0:22:19]} Rc8 {[%clk 0:11:32]} 29. c6
{[%clk 0:20:38]} Bb8 {[%clk 0:11:22]} 30. Re1 {[%clk 0:18:03]} Ba8
{[%clk 0:10:44]} 31. Rh4 {[%clk 0:16:40]} h5 {[%clk 0:09:53]} 32. Rd4
{[%clk 0:15:43]} Rd8 {[%clk 0:09:14]} 33. Rdd1 {[%clk 0:12:03]} Kf7
{[%clk 0:07:56]} 34. Rc1 {[%clk 0:11:26]} Bc7 {[%clk 0:07:59]} 35. Rc2
{[%clk 0:10:00]} Bd6 {[%clk 0:03:13]} 36. Rce2 {[%clk 0:08:28]} Bb4
{[%clk 0:03:01]} 37. Rc1 {[%clk 0:07:40]} Bd6 {[%clk 0:03:05]} 38. Re6
{[%clk 0:06:13]} Bxc6 {[%clk 0:00:35]} 39. Rxd6 {[%clk 0:06:22]} Rxd6
{[%clk 0:00:59]} 40. dxc6 {[%clk 0:06:36]} Rd8 {[%clk 0:01:15]} 41. Rc5
{[%clk 0:01:52]} Ke7 {[%clk 0:29:36]} 42. c7 {[%clk 0:29:58]} Rc8
{[%clk 0:29:04]} 43. b4 {[%clk 0:30:02]} Kd6 {[%clk 0:29:24]} 44. Rd5+
{[%clk 0:30:23]} Ke5 1-0